00878nam a2200241Ia 4500003000900000008004100009020001800050040001600068080001900084245015900103260003600262300001600298650001800314650004100332650002200373650003600395700002900431700002600460700003200486942000700518999001500525952009600540IN-BaIIA211028s9999 xx 000 0 eng d a0-8243-0927-8 cIIA Library a(05)52bANN-27 0aAnnual review of astronomy and astrophysicsbvol. 27cedited by Burbidge, G Layzer, D and Phillips, J. G  aPalo AltobAnnual Reviewsc1989 aviii, 773p. aAstronomy980 aAstronomy and Astrophysics Thesaurus aAstrophysics9794 aTheoretical astrophysics915234 aBurbidge, G., ed.914854 aLayzer, D., ed.94748 aPhillips, J. G., ed.913002 cBK c9638d9638 00104070aBANbBANcGENd0000-00-00l0o(05)52/ ANN-27p10548r2021-11-05w0000-00-00yBK